00598nam a2200181 a 450000100100000000500170001000800410002702000150006804000250008308200160010810000220012424500760014626000500022230000360027249000160030850000760032483000160040000004254120201002040225.0131211s1984 ag a 000 0 spa d z950002184X aDO-SdBNPbspacBNPHU axxxxbL144M1 aMéndez, Eugenio10aAlte. Lacoste :b¿Quién mato al General. Actis? /cEugenio Méndez. aCórdoba, Argentina :bEl Cid Editor,c1984. a126 p. :bil., retrs. ;c18 cm.1 aSin censura aIncluye datos biográficos del autor en la solapa de la contracubierta 0aSin censura